| 000 | 00560nam a22001697a 4500 | ||
|---|---|---|---|
| 005 | 20251108164058.0 | ||
| 008 | 250721s2011 xx 000 0 ara d | ||
| 082 | 1 | 4 | _a641.37/شحا |
| 100 | 1 | _aالشحات، علي أحمد | |
| 245 | 1 | 0 | _aالألبان ومنتجاتها وأهميتها في تغذية الانسان / |
| 264 | 1 |
_aعمان : _bمكتبة الفلاح للنشر والتوزيع، _c2011. |
|
| 300 | _a175ص. | ||
| 650 | 1 | 7 | _aالالبان المخمرة |
| 650 | 1 | 7 | _aمنتجات الالبان |
| 942 |
_2ddc _cBK |
||
| 999 |
_c3076 _d3076 |
||